Development of Scheduled Castes and Scheduled Tribes: (Record no. 759806)

MARC details
000 -LEADER
fixed length control field 00507nam a2200169 4500
020 ## - INTERNATIONAL STANDARD BOOK NUMBER
ISBN 9789391382629
082 ## - DEWEY DECIMAL CLASSIFICATION NUMBER
Classification number 305.5688
Item number MUN.D
084 ## - OTHER CLASSIFICATION NUMBER
Source of Number Colon Classification
100 ## - MAIN ENTRY--AUTHOR NAME
Personal name Muninarayanappa, M
245 ## - TITLE STATEMENT
Title Development of Scheduled Castes and Scheduled Tribes:
Sub Title Issues, Problems and Prospects
260 ## - PUBLICATION, DISTRIBUTION, ETC. (IMPRINT)
Place of publication Delhi:
Name of publisher Swastik Publications;
Year of publication 2025.
300 ## - PHYSICAL DESCRIPTION
Number of Pages 541p.
700 ## - ADDED ENTRY--PERSONAL NAME
Personal name D Sreenivasa Rao
700 ## - ADDED ENTRY--PERSONAL NAME
Personal name K Venkata Reddy
942 ## - ADDED ENTRY ELEMENTS (KOHA)
Source of classification or shelving scheme Dewey Decimal Classification
Koha item type Book
Holdings
Withdrawn status Lost status Source of classification or shelving scheme Damaged status Not for loan Collection code Home Library Current Location Shelving location Date acquired Cost, normal purchase price Full call number Accession Number Price effective from Koha item type
    Dewey Decimal Classification     Non-fiction Campus Library Kariavattom Campus Library Kariavattom General Stacks 22/05/2026 2495.00 305.5688 MUN.D UCL35451 22/05/2026 Book